| 000 | 00000nam 2200000za 4500 |
| 001 | 9.642075 |
| 003 | CaOODSP |
| 005 | 20240207110917 |
| 007 | cr ||||||||||| |
| 008 | 150407|1999||||xxc|||||o f|0| 0 fre d |
| 040 | |aCaOODSP|bfre |
| 043 | |an-cn--- |
| 086 | 1 |aSE31-28/1998F-PDF |
| 245 | 00|aAu service de la démocratie |h[ressource électronique] : |bplan stratégique, 1999-2002. |
| 260 | |aOttawa : |bÉlections Canada, |c[1999]. |
| 300 | |a18 p. : |bgraphiques, photographies |
| 500 | |aLe n° de catalogue (SE31-28/1998) et l'ISBN (0-662-64014-4) de l'édition imprimée bilingue ont été incorrectement copiés dans l'édition électronique. |
| 590 | |a13-15-Supp|b2013-06-24 |
| 691 | 07|aÉlections|2gcpds |
| 710 | 2 |aÉlections Canada. |
| 775 | 08|tServing democracy |w(CaOODSP)9.698079 |
| 776 | 0#|tServing democracy : |w(CaOODSP)9.661261 |
| 776 | 0#|tAu service de la démocratie : |w(CaOODSP)9.661262 |
| 856 | 40|ahttp://publications.gc.ca|qPDF|s550 Ko|uhttps://publications.gc.ca/collections/Collection/SE31-28-1998F.pdf |
| 986 | |aEC 08901 |